Jackson West Quiz - Statistics

General Stats
  • This quiz has been taken 12 times
    11 since last reset
  • The average score is 9 of 12
Answer Stats
Hint Answer % Correct
Home state Ohio
100%
Highest grade in Math 3 (nearest whole number) 101
75%
Favorite poem Angelitos Negros
75%
Favorite dance Bachata
75%
Worst enemy Ethan
75%
Basic function he cannot perform Frowning
75%
Favorite activity Gooning
75%
Cuzo 1 Kanye West
75%
Cuzo 2 Mr. West
75%
Favorite word Sigma
75%
Famous quote: sin _______ Tecnologia
75%
Favorite former high-ranking Equatoguinean official Baltasar Engonga
50%
No matching quizzes found
Score Distribution
Percent of People with Each Score
Percentile by Number Answered
Your Score History
You have not taken this quiz since the last reset